The Ghana Law Reports 2010-2012 : (Record no. 1418)
[ view plain ]
| 000 -LEADER | |
|---|---|
| fixed length control field | 00628nam a22001577a 4500 |
| 003 - CONTROL NUMBER IDENTIFIER | |
| control field | OSt |
| 005 - DATE AND TIME OF LATEST TRANSACTION | |
| control field | 20241122105036.0 |
| 008 - FIXED-LENGTH DATA ELEMENTS--GENERAL INFORMATION | |
| fixed length control field | 241122b |||||||| |||| 00| 0 eng d |
| 040 ## - | |
| -- | Central University Library |
| 245 ## - TITLE STATEMENT | |
| Title | The Ghana Law Reports 2010-2012 : |
| Remainder of title | VOLUME 1 / |
| Statement of responsibility, etc. | Acting Editor: Joyce N N Oku (MS); Barrister-at-Law. Solicitor of the Supreme Court |
| 260 ## - PUBLICATION, DISTRIBUTION, ETC. | |
| Place of publication, distribution, etc. | Accra, Ghana |
| Name of publisher, distributor, etc. | Council for Law Reporting |
| Date of publication, distribution, etc. | 2015 |
| 300 ## - PHYSICAL DESCRIPTION | |
| Extent | xxxiv, 740 pages |
| Dimensions | 25 cm |
| 500 ## - GENERAL NOTE | |
| General note | Cases determined by the High Court, the Court of Appeal and the Supreme Court of the Republic of Ghana. |
| 650 ## - SUBJECT ADDED ENTRY--TOPICAL TERM | |
| Source of heading or term | Law Reports |
| General subdivision | Ghana |
| 942 ## - ADDED ENTRY ELEMENTS (KOHA) | |
| Source of classification or shelving scheme | Library of Congress Classification |
| Koha item type | Books |
| Suppress in OPAC | No |
| 999 ## - | |
| -- | 1418 |
| -- | 1418 |
| Withdrawn status | Lost status | Source of classification or shelving scheme | Damaged status | Not for loan | Collection | Home library | Current library | Shelving location | Date acquired | Total checkouts | Full call number | Barcode | Date last seen | Copy number | Price effective from | Koha item type |
|---|---|---|---|---|---|---|---|---|---|---|---|---|---|---|---|---|
| Library of Congress Classification | Non-fiction | Law Library (Miotso) | Law Library (Miotso) | General stacks | 11/22/2024 | K528.G4 GLR10-12 VOL 1 | llm00001163 | 11/22/2024 | 1 | 11/22/2024 | Books |